书目信息 |
| 题名: |
中国文学流变史
|
|
| 作者: | 谢卫平 著 | |
| 分册: | ||
| 出版信息: | 上海 上海交通大学出版社 2008.06 |
|
| 页数: | 435页 | |
| 开本: | 23cm | |
| 丛书名: | ||
| 单 册: | ||
| 中图分类: | I209.2 | |
| 科图分类: | ||
| 主题词: | 文学史--wen xue shi--中国--古代 | |
| 电子资源: | ||
| ISBN: | 978-7-313-05247-6 | |
| 000 | 00855nam0 2200241 450 | |
| 001 | 012009632423 | |
| 005 | 20090808133210.50 | |
| 010 | @a978-7-313-05247-6@dCNY36.00 | |
| 100 | @a20090808d2008 em y0chiy0120 ea | |
| 101 | 0 | @achi |
| 102 | @aCN@b310000 | |
| 105 | @ay a 000yy | |
| 106 | @ar | |
| 200 | 1 | @a中国文学流变史@Azhong guo wen xue liu bian shi@f谢卫平著@Fxie wei ping zhu |
| 210 | @a上海@c上海交通大学出版社@d2008.06 | |
| 215 | @a435页@d23cm | |
| 320 | @a有书目 (第431-433页) | |
| 330 | @a本书分为甲、乙、丙、丁、戊、己、庚、辛八编,即先秦文学概况、秦汉文学概况、魏晋南北朝文学概况、隋唐文学概况、宋辽金文学概况、元代文学概况、明代文学概况、清代文学概况。 | |
| 606 | 0 | @a文学史@Awen xue shi@y中国@z古代 |
| 690 | @aI209.2@v4 | |
| 701 | 0 | @a谢卫平@Axie wei ping@4著 |
| 801 | 0 | @aCN@bQSSK@c20090808 |
| 905 | @b750740-42@dI209.2@eX474@f3 | |
| 中国文学流变史/谢卫平著.-上海:上海交通大学出版社,2008.06 |
| 435页;23cm |
| ISBN 978-7-313-05247-6:CNY36.00 |
| 本书分为甲、乙、丙、丁、戊、己、庚、辛八编,即先秦文学概况、秦汉文学概况、魏晋南北朝文学概况、隋唐文学概况、宋辽金文学概况、元代文学概况、明代文学概况、清代文学概况。 |
| ● |
| 相关链接 |
|
|
|
正题名:中国文学流变史
索取号:I209.2/X474
 
预约/预借
| 序号 | 登录号 | 条形码 | 馆藏地/架位号 | 状态 | 备注 |
| 1 | 750740 | 207507401 | 文学库108/108文学库 11排4列4层/ [索取号:I209.2/X474] | 在馆 | |
| 2 | 750741 | 207507410 | 社科二线422/422社科库 25排2列1层/ [索取号:I209.2/X474] | 在馆 | |
| 3 | 750742 | 207507429 | 社科二线422/422社科库 1排2列6层/ [索取号:I209.2/X474] | 在馆 |